Представление документа в формате RUSMARC

ПолеНазваниеЗначение
  Тип записи a
  Библиографический уровень m
001 Контрольный номер faca4c9b0dc04fc0a3c58da02cf4bbab
005 Дата корректировки 20140526192712.7
010 Индекс ISBN __
a ISBN 978-5-7777-0172-5
101 Язык документа 0_
a Язык текста rus
102 Страна публикации __
a Страна публикации RU
200 Заглавие и сведения об ответственности 1_
a Заглавие Анализ банковских рисков. Система оценки корпоративного управления и управления финансовым риском
e Сведения, относящиеся к заглавию пер. с англ.
f Первые сведения об ответственности Х. ванГрюнинг, Брайович Братанович
210 Выходные данные 1_
c Издательство Весь Мир
a Место издания Москва
d Дата издания 2007
215 Физическое описание __
a Объем 289, [1] с.
610 Ключевые слова 0_
a Ключевые слова банковские риски
610 Ключевые слова 0_
a Ключевые слова финансовые риски
610 Ключевые слова 0_
a Ключевые слова управление рисками
686 Индексы других классификаций __
a Классификационный индекс 65.9(2)262.2
2 Код системы rubbk
700 Автор _1
a Фамилия Грюнинг
b Имя Х. ван
701 Альтернативная интеллектуальная ответственность _1
a Фамилия Братанович
g Полное личное имя Брайович
801 Источник записи _0
a Страна RU
b Организация РУК
c Дата составления 20100415
g Правила каталогизации PSBO
801 Источник записи _1
a Страна RU
b Организация РУК
c Дата составления 20100415
g Правила каталогизации PSBO
852 Данные о местонахождении __
j Шифр хранения ББК 65.9(2)26
i Авторский знак Г 92
901 Тип документа __
t Тип документа m
938 Служебная информация __
a Название организации Головной вуз
b Имя БД BOOK
c Название АИБС АИБС ИРБИС